000 00386pab a2200157 454500
008 180718b2015 xxu||||| |||| 00| 0 eng d
100 _aSamal, Sunita
245 _aGandhi and human resources development
260 _c2015
300 _ap.50-52.
362 _aAug
650 _aGandhi, M.K.
650 _aHuman resources development
773 _aThird concept
909 _a109584
999 _c109579
_d109579